000 00526nam a2200193Ia 4500
005 20260120124644.0
008 008 260114s9999 xx 000 0 eng d
020 _a9780762303038
037 _aEBOOK
040 _aCRL
_beng
_cCRL
041 _aeng
_2eng
084 _qCRL
245 0 _aMessy Data
260 _bEmerald Publishing
_c1999
700 _aR. Carter Hill
_9908891
856 _uhttps://www.emerald.com/insight/publication/doi/10.1108/S0731-9053(1999)13
942 _cEBOOK
999 _c1500803
_d1500803